000 00619nam a2200205Ii 4500
001 3124
003 CO-ViMGA
008 241108s9999||||xx |||||||||||||| ||und||
040 _aCO-ViMGA
_bspa
_erda
_cCO-ViMGA
041 0 _aunk
082 0 4 _aR 720.03 P373d
100 1 _aCarlos Pérez Calvo
_953880
245 1 0 _aDiccionario ilustrado de arquitectura
264 1 _a[Lugar de publicación no identificado] : Jorge Plazas, 1979
300 _avolumen
336 _atext
_btxt
_2rdacontent
337 _aunmediated
_bn
_2rdamedia
338 _avolume
_bnc
_2rdacarrier
940 _aidficha_siabuc: 3050. -- ficha_no_siabuc:3124
999 _c50670
_d50670